000 01339cam a2200265 i 4500
003 SA-RiAUC
005 20250104075756.0
008 250103s1999 su g 000r0 ara c
040 _aSA-RiIMS
_bara
_cSA-RiAUC
_erda
082 0 4 _a252.28
_qSA-RiAUC
090 _a252.28
_bا ب ن ج
100 1 _aابن جبرين، عبد الله بن عبد الرحمن بن عبد الله،
_d1352-1430 هجري
_eمؤلف.
245 1 2 _aالمفيد في تقريب أحكام المسافر :
_b171 فتوى تهم المسافر من فتاوى صاحب الفضيلة الشيخ العلامة عبد الله بن عبد الرحمن الجبرين حفظة الله /
_cجمع وإعداد محمد عبد الرحمن بن مليهي العريفي.
250 _aالطبعة الثانية.
264 1 _aمكة المكرمة :
_bدار عالم الفوائد،
_c[1999]
300 _a172 صفحة ؛
_c22 سم
336 _aنص
_btxt
_2rdacontent
_3كتاب
337 _aبدون وسيط
_bn
_2rdamedia
338 _aمجلد
_bnc
_2rdacarrier
650 7 _aصلاة المسافر (فقه إسلامي)
_2aucsh
700 1 _aالعريفي، محمد بن عبد الرحمن،
_d1390 هجري-
_eمعد.
856 4 _uhttp://10.0.0.90/IMAM26/image00301.tif
942 _2ddc
_cBOOK
_n0
949 _aSA-JeALM
_d250103
_umohamedma123
_n1
999 _c4432
_d4432